[Event "World Cup"]
[Site "Khanty-Mansiysk"]
[Date "2007.11.24"]
[Round "1.1"]
[White "Sakaev, Konstantin"]
[Black "Vitiugov, Nikita"]
[Result "1/2-1/2"]
[WhiteElo "2634"]
[BlackElo "2594"]
[Annotator "Krasenkow,M"]
[PlyCount "191"]
[EventDate "2007.11.24"]
[EventType "k.o."]
[EventRounds "7"]
[EventCountry "RUS"]
[SourceTitle "CBM 122"]
[Source "ChessBase"]
[SourceDate "2008.01.30"]
[SourceVersion "1"]
[SourceVersionDate "2008.01.30"]
[SourceQuality "1"]

1. d4 Nf6 2. c4 e6 3. Nf3 d5 4. Nc3 Bb4 5. cxd5 exd5 6. Bg5 Nbd7 7. Qa4 {
A rare thread of the Westphalian Variation, which doesn't bring White any
advantage.} c5 8. dxc5 Bxc3+ 9. bxc3 O-O 10. Qb4 {Protecting the c5 pawn and
preventing ...Qd8-a5. Practice has also seen:} (10. Qd4 Qa5 11. Nd2 (11. Bxf6
Nxf6 12. Qb4 Qc7 $5) 11... Re8 12. Nb3 Qc7 13. Bxf6 Nxf6 14. e3 Bd7 15. Bd3
Rac8 16. h3 a5 17. a4 Ne4 18. Qxd5 Re5 19. Qd4 Nxc5 20. Nxc5 Rxc5 21. O-O Rxc3
22. Rfd1 Be6 23. Bb5 Bb3 $11 {0-1 Bayer,E-Heyken,E/Germany 1991/GER-chT (53)})
(10. e3 Nxc5 11. Qd4 (11. Qh4 $6 Nce4 {0-1 Karlsen,S-Hoejgaard,S/Norway 1996/
EXT 2001 (32)}) 11... Nce4 12. Be2 Nxg5 13. Nxg5 Qc7 14. O-O h6 15. Nf3 Be6 16.
Rfc1 Rfc8 $11 {1-0 Bozinovic,B-Dizdar,G/Makarska 1994/EXT 1997 (60)}) 10... h6
{This move is not necessarily the best.} (10... Qc7 11. Bf4 $1 {That's the
point!} Qd8 12. e3 Ne4 13. Bd6 a5 14. Qd4 (14. Qa3 $5) 14... Nxd6 15. cxd6 Nf6
16. Qf4 Re8 17. Bd3 Re6 $2 (17... Ne4) 18. Ng5 Rxd6 19. Bxh7+ $1 $18 {1-0
Gajewski,G-Aleksandrov,A/Warsaw POL 2006/The Week in Chess 634 (63)}) (10...
Qe7 11. e3 Qxc5 12. Bxf6 Qxb4 13. cxb4 Nxf6 14. Bd3 a5 15. b5 Be6 16. Nd4 Rfc8
17. f3 Rc3 18. Kd2 Rac8 19. b6 Nd7 20. Rhb1 $14 {1/2-1/2 Vallejo Pons,
F-Gajewski,G/Calvia ESP 2006/The Week in Chess 624 (54)}) (10... a5 11. Qd4 Qc7
12. Bf4 Qc6 13. Ne5 Qxc5 14. Nxd7 Qxd4 15. cxd4 Bxd7 16. e3 Rfc8 17. Bd3 Rc3
18. Kd2 Rac8 19. f3 Ne8 20. Rhc1 $14 {1-0 Abramov,V-Barbitskij,A/St Petersburg
2002/EXT 2003 (32)}) (10... Re8 $5 11. e3 Qc7 12. Bf4 (12. Bb5 Re4 13. Qa3 Qxc5
14. Qxc5 Nxc5 15. Bxf6 gxf6 16. Nd4 a6 17. Be2 Bd7 18. Kd2 {1/2-1/2 Horvath,
G-Sarosi,Z/Hungary 1996/EXT 2000}) 12... Qxc5 13. Nd4 a6 14. Nb3 Qc6 15. Nd4
Qc5 16. Nb3 Qc6 17. Nd4 Qc5 {1/2-1/2 Fuster,G-Spielmann,R/Vienna 1936/EXT 1999}
) 11. Bh4 (11. Be3 $6 Ne4 12. Rd1 a5 13. Qd4 Qe7 14. Qxd5 Ndxc5 15. Qe5 Be6 16.
Bxc5 Nxc5 17. Nd4 Rfd8 18. e3 f6 19. Qh5 Bxa2 $17 {1/2-1/2 Alonso,R-Salomone,N/
IECG 2003/Telechess CBM 107 (60)}) 11... a5 ({Here, too, the immediate} 11...
Re8 $5 {was probably better. The text move weakens Black's queenside.}) 12. Qd4
Re8 13. Nd2 Qc7 (13... Qe7 $5 14. e3 g5 15. Bg3 Nxc5) 14. e3 g5 {Black must
weaken the position of his king.} (14... Qxc5 $2 {is poor due to} 15. Bxf6) (
14... Ne4 $5 {although without 11...a5 12.Qd4 it would be more appropriate})
15. Bg3 Qxc5 16. Be2 (16. h4 $5 $36) 16... Ne4 17. Nxe4 Rxe4 18. Qd2 (18. Qxc5
Nxc5 19. h4 $5 $36) 18... Nf6 19. O-O Bd7 {This allows White to open up the
position by tactical means.} (19... b6 $5 {[%cal Yc8a6]}) 20. Qb2 Bc6 21. c4 $1
Re6 22. Be5 Ne4 23. Bd4 Qb4 24. Rfc1 Qxb2 25. Bxb2 dxc4 26. Bxc4 {White has a
strong bishop pair and a clear advantage.} Ree8 27. Be2 Red8 28. Bd4 Nd6 29.
Rc5 Ne4 30. Rc2 Nd6 31. Rac1 a4 32. Rc5 Ne4 33. Re5 Re8 34. Rf5 (34. Rxe8+ Rxe8
35. f3 Nd6 36. Rc5 $1 $16) 34... Rac8 ({After} 34... Bd7 {White has nothing
better than} 35. Re5 {but Black, too, must probably repeat the position by} Bc6
) 35. Re5 {Losing an unimportant tempo, White starts necessary simplifications.
} Rxe5 36. Bxe5 Rd8 37. Bd4 f5 38. f3 Nd6 39. Kf2 Kf7 40. Rc5 Rc8 41. Bd3 Bd7
42. Rd5 {It is hard to say whether White had more winning chances after the
rook exchange but it would certainly eliminate Black's counterplay.} (42. Rxc8
Bxc8 43. Bc2) 42... Rc6 43. a3 (43. Ra5 $5) 43... b5 44. h3 Be6 45. Re5 {
White consequently avoids the rook exchange after} (45. Rc5) 45... Rc1 46. Bxb5
{This looks quite enough for a win but... opposite-coloured bishops will now
seriously complicate White's task.} (46. g4 $5 {deserved serious attention. If}
Bc4 {then} 47. Rc5 $1 $16) 46... Rc2+ 47. Kg1 Nxb5 48. Rxb5 {[%mdl 4096]} h5
49. Rb7+ Kf8 50. Bg7+ Kg8 51. Bh6 {As White fails to win a pawn anyway,
perhaps, it was better to think about creating his own passes pawn:} (51. Be5
Kf8 (51... g4 52. Re7 $1) 52. Bd6+ Kg8 53. Re7 Bf7 54. e4) 51... g4 52. Rg7+
Kh8 53. Rg5 Kh7 54. Bf8 (54. Rxh5 gxf3 $1 55. gxf3 (55. Bf4+ Kg6 56. Rh6+ Kf7
57. gxf3 Rc3) 55... Kg6 56. Rh4 Bd5 57. e4 fxe4 58. fxe4 Bxe4 59. Rxe4 Kxh6 60.
Rxa4 Rc3 {with a theoretical draw}) 54... gxf3 55. gxf3 h4 56. Bd6 (56. Rh5+
Kg8 57. Bd6 Rd2 58. Bb4 Re2 {and White can't win the h4 pawn without losing
his own a3 or e3 pawn. However, it was probably the best option, e.g.} 59. Rxh4
Rxe3 60. Kf2 {etc.}) 56... Rd2 57. Bb4 Re2 58. Bc5 (58. Rh5+ Kg6 {-that's the
difference!}) 58... Kh6 (58... Rc2 {was also possible.}) 59. f4 Rc2 (59... Re1+
$142 60. Kf2 Rh1 {and Black captures the h3 pawn}) 60. Bf8+ Kh7 61. Rh5+ Kg8
62. Bd6 Re2 63. Bc5 Rc2 64. Bd4 Ra2 65. Rxh4 Rxa3 66. Rh8+ Kf7 67. h4 Rd3 68.
h5 Rd1+ 69. Kh2 Bd5 70. Rh7+ Ke6 $6 {Wrong! The black king will now be cut off
from White's h-pawn and the position becomes dangerous for Black.} ({After} 
70... Kg8 $1 71. Rg7+ Kf8 72. Rd7 Rh1+ 73. Kg3 Be4 {the h5 pawn is doomed.})
71. h6 Rh1+ 72. Kg3 Kd6 $4 {An unexpected blunder but after} (72... Bc6 $1 73.
Rc7 Bd7 74. Ra7 Kd6 75. Bg7 {, then moving the white king to the queenside,
White keeps winning chances. It is important that his passed pawn is stronger
than Black's.}) 73. Rh8 $4 {Missing} (73. Be5+ Kc5 (73... Ke6 74. Ra7 $1) 74.
Rc7+ Kb6 75. h7 $18) 73... Bc6 74. h7 $6 {The white rook will now be out of
moves and Black will easily hold his position by passive defense.} Bd7 75. Bf6
Rh5 $1 ({But not} 75... a3 $2 76. Bh4 Rg1+ 77. Kh2 Rg7 78. Bf6 Rf7 79. Bd4 a2
80. Kg3 {[%cal Yg3h4,Yh4g5,Yg5g6]}) 76. Bb2 Kd5 77. Kf3 Rh3+ 78. Kg2 Rh5 79.
Bg7 Ke6 80. Bb2 Kd5 81. Bd4 a3 82. Ra8 Rxh7 83. Rxa3 Bc6 84. Kg3 Kd6 85. Ra6
Rh6 86. Be5+ Kd5 87. Ra5+ Kc4 88. Ra6 Kb5 89. Ra7 Be4 90. Rd7 Kc6 91. Re7 Kd5
92. Bd4 Kd6 93. Re5 Kd7 94. Kf2 Rh2+ 95. Ke1 Kd6 96. Ra5 1/2-1/2

[Event "EU-Cup 26th"]
[Site "Plovdiv"]
[Date "2010.10.18"]
[Round "2.1"]
[White "Huzman, Alexander"]
[Black "Aronian, Levon"]
[Result "0-1"]
[WhiteElo "2605"]
[BlackElo "2783"]
[Annotator "Krasenkow,M"]
[PlyCount "66"]
[EventDate "2010.10.17"]
[EventType "team-swiss"]
[EventRounds "7"]
[EventCountry "BUL"]
[SourceTitle "CBM 139"]
[Source "ChessBase"]
[SourceDate "2010.11.18"]
[SourceVersion "1"]
[SourceVersionDate "2010.11.18"]
[SourceQuality "1"]
[WhiteTeam "Beer Sheva"]
[BlackTeam "Yerevan Mika"]
[WhiteTeamCountry "ISR"]
[BlackTeamCountry "ARM"]

1. Nf3 d5 2. d4 Nf6 3. c4 e6 4. Nc3 Bb4 5. Bg5 Nbd7 6. cxd5 exd5 7. Qc2 c5 8.
dxc5 h6 9. Bd2 O-O 10. a3 $6 {Hardly a good move as Black takes on c5 with his
bishop anyway.} (10. e3 {is usually played.}) 10... Bxc5 11. e3 a6 12. Be2 (12.
Bd3 Bd6 13. Ne2 Nc5 14. Ned4 Bd7 15. O-O Rc8 16. Bf5 Nfe4 17. Bb4 {1-0 Akopian,
V (2640)-Filippov,V (2574)/Dubai 1999/CBM 070 ext (41)} b6 $13) 12... b5 $146 (
12... Bd6 13. O-O Ne5 14. Rfd1 Be6 15. Rac1 Rc8 16. Qb1 Nc4 17. Nd4 Be5 18. Be1
Qe7 19. Bf3 Nd6 20. g3 Rfd8 $11 {1/2 Aronian,L (2675)-Lautier,J (2682)/ICC INT
2004/CBM 105 (46)}) 13. O-O Bb7 14. Rfd1 Rc8 15. Be1 Re8 $132 {Black has an
active position fully compensating for his isolated pawn.} 16. Rac1 Nf8 (16...
Bd6 $5) (16... Nb6 $5 {[%cal Yb6c4]}) 17. Nd4 Qb6 18. Bf3 $2 {A serious
mistake allowing a break in the centre.} (18. Qd3 $11) 18... Bxd4 $1 19. Rxd4 (
19. exd4 $2 Ne6 20. Qd3 Nxd4 $1 {[%mdl 64] and Black wins a pawn} 21. Qxd4 $140
$2 Rxe1+ $1) 19... Ne6 20. Rd2 $6 ({Or} 20. Rdd1 d4 21. Bxb7 Qxb7 22. exd4 Nf4
23. f3 N6d5 $17) (20. Rh4 {(to control the f4-square), however ugly, was the
best way to defend. Of course, Black is much better anyway:} Red8 21. Rd1 Rc7 {
[%cal Yd5d4]} ({better than the immediate} 21... d4 22. Bxb7 Qxb7 23. exd4 Rc4
24. f3 Nxd4 25. Qf2 $11)) 20... d4 $1 21. Bxb7 Qxb7 22. exd4 Ne4 23. Rdd1 Nf4
$1 $19 {[%csl Ge4,Gf4]} 24. d5 a5 $1 (24... Nxc3 $143 25. Bxc3 Ne2+ 26. Kh1
Nxc1 27. Qxc1) 25. Qb3 b4 26. axb4 axb4 27. Na2 (27. Nxe4 Rxc1 28. Rxc1 Ne2+
29. Kh1 Nxc1 30. Qc4 Qc8 $1 $19) (27. g3 Nxc3 28. Bxc3 (28. bxc3 Ne2+ 29. Kg2
Nxc1 30. Rxc1 Re5 31. Rd1 Rce8 $19) 28... Ne2+ 29. Kg2 Nxc1 30. Rxc1 Qb8 31.
Bd2 Rxc1 32. Bxc1 Qb7 $19 {[%cal Ye8d8]}) 27... Ne2+ 28. Kh1 Nxc1 (28... Qb6 $5
29. Rxc8 $140 Qxf2 $3 30. Rxe8+ Kh7 31. Bxb4 Qg1+ $1 32. Rxg1 Nf2#) 29. Nxc1
Nf6 30. d6 Qc6 31. Na2 Qxd6 32. Bxb4 Qb6 33. f3 Qf2 0-1

[Event "Gibraltar Masters 18th"]
[Site "Caleta"]
[Date "2020.01.30"]
[Round "10"]
[White "Vachier Lagrave, Maxime"]
[Black "Maghsoodloo, Parham"]
[Result "1-0"]
[WhiteElo "2770"]
[BlackElo "2674"]
[Annotator "Krasenkow,M"]
[PlyCount "199"]
[EventDate "2020.01.21"]
[EventType "swiss"]
[EventRounds "10"]
[EventCountry "GGB"]
[SourceTitle "CBM 194 Extra"]
[Source "ChessBase"]
[SourceDate "2020.03.31"]
[SourceVersion "1"]
[SourceVersionDate "2020.03.31"]
[SourceQuality "1"]

{[%evp 0,199,32,28,34,-16,-10,-11,4,10,20,-2,2,4,2,2,14,10,48,9,3,-6,31,39,58,
34,52,52,56,49,49,51,45,24,69,48,60,55,53,67,66,72,78,51,108,103,101,101,100,
74,99,76,86,90,86,85,74,60,64,56,60,52,66,68,72,70,134,126,116,117,130,138,138,
122,112,124,118,121,120,109,144,138,147,145,153,172,150,187,183,191,185,165,
154,123,224,147,168,138,124,107,106,139,139,139,177,203,262,112,160,165,159,
127,171,155,155,155,651,644,714,732,732,732,714,277,274,265,269,279,279,275,
275,283,283,283,283,283,283,247,283,283,283,225,247,254,261,262,267,266,266,
266,274,258,262,268,268,265,283,287,310,300,300,310,317,317,317,359,361,381,
361,416,416,423,403,423,1012,403,509,541,1015,1016,1165,1002,1016,1016,1109,
1144,1208,1277,1301,1408,2352,2691,2691,29982,29983,1703,29975,29986,29993,
29994,29997,29998]} 1. d4 d5 2. c4 e6 3. Nc3 Bb4 4. Nf3 Nf6 5. cxd5 exd5 6. Bg5
O-O 7. e3 Bf5 8. Qb3 Bxc3+ 9. Qxc3 h6 {About this line - see CBM 182,
annotations to Ding Liren - Aronian by GM Alex Yermolinsky.} 10. Bf4 $5 $146 {
A new idea} (10. Bh4 {leads to a position arising from various move orders.
Here is the important reference game, mentioned above:} g5 ({Black can play
safer:} 10... Nbd7) 11. Bg3 Ne4 12. Qxc7 Nc6 $1 {is a key idea by Levon
Aronian:} 13. Qxd8 (13. Bb5 $142 Rc8 14. Qxd8 Rfxd8 15. O-O h5 {- see present
game}) 13... Rfxd8 14. Be2 Rac8 15. O-O h5 $1 16. h4 g4 17. Ne5 Nb4 {[%cal
Rb4c2,Rc2e3]} 18. Bf4 f6 19. Nd3 Nc3 $1 20. bxc3 {1/2 (20) Ding,L (2774)
-Aronian,L (2801) Palma de Mallorca 2017 CBM 182 [Yermolinsky,A]} (20. bxc3
Nxd3 21. Bxd3 Bxd3 22. Rfc1 Rc4 $11)) 10... Ne4 {Black decides to reply in the
same manner as after 10.Bh4 g5 11.Bg3; however, Maxime Vachier-Lagrave plays
differently.} 11. Qxc7 Nc6 12. Bb5 $1 Rc8 13. Qxd8 Rfxd8 14. O-O g5 15. Bg3 h5
{This position could have happened in Ding-Aronian, too - see above.} 16. h3
Ne7 $6 {Too humble.} ({The active} 16... Nb4 {is a better option. After} 17.
Bh2 (17. Rac1 $6 a6 18. Be2 Nxa2) (17. Rfc1 Nc2 18. Rab1 Nxg3 19. fxg3 g4 $132)
17... a6 18. Be2 Rc2 19. Rfe1 Rxb2 20. Rab1 Rxb1 21. Rxb1 a5 {[%cal Re4c3]
Black is not worse. It is unclear what White had prepared in that case.}) 17.
Rfc1 Nxg3 18. fxg3 $16 {White's double pawns is an insufficient compensation
for Black's material deficit although it requires a lot of work from White to
convert his extra pawn.} g4 19. hxg4 hxg4 20. Nd2 Bc2 21. Nb1 $1 {[%cal Yb1c3]}
Bxb1 22. Raxb1 f5 {An attempt to keep the position closed but almost all
Black's pawns are now on light squares, which is a good news for White's
light-squared bishop.} 23. Bd3 Kf7 24. Rc3 $5 Ke6 25. Kf2 $6 ({The immediate} 
25. Ra3 {was more accurate.}) 25... Rh8 $6 (25... Rxc3 26. bxc3 Rc8 27. Rc1 Rc6
{[%cal Yc6b6] was a better way to create counterplay.}) 26. Ra3 $1 {White must
create weaknesses in Black's camp.} Ra8 (26... a6 27. Rb3 b5 28. Ke2 $5 (28. a4
bxa4 29. Rb4 {is not enough due to} a5 30. Rxa4 Nc6) 28... Rh2 29. Rg1 {
, then pushing a2-a4 at an appropriate moment.}) 27. Rc1 (27. Rb3 $5 b6 (27...
Rab8 28. Rc1 Rhc8 29. Rh1) 28. a4) 27... Nc8 28. b4 Nd6 29. b5 Rhc8 30. Rc5 Rd8
$6 (30... Rxc5 31. dxc5 Nc4 {was possible, with good drawing chances, e.g.} 32.
Rc3 (32. Bxc4 dxc4 {[%cal Ye6d5]}) 32... Rc8 33. c6 bxc6 34. Bxc4 dxc4 35. Rxc4
Kd5 36. Rxc6 Rxc6 37. bxc6 Kxc6 {with a drawish pawn endgame.}) 31. Rac3 Rd7
32. a4 b6 $2 {This move, weakening the c6 square, worsens Black's position.} (
32... Rh7 $142 33. a5 Rf8 {[%cal Yd6e4] , and White can hardly break Black's
defence. A possible continuation:} 34. a6 bxa6 35. bxa6 Ne4+ 36. Bxe4 fxe4+ 37.
Ke2 Rb8 38. Rc2 Rh2 39. Kf2 Rh1 40. Rc6+ Kf5 41. Rd6 Rbb1 42. Rxd5+ Ke6 43.
Re5+ Kd6 {[%cal Rb1e1]} 44. Ke2 Rbd1 45. Rxe4 Rhe1+ {with a perpetual.}) 33.
Rc6 Rdd8 34. Ke2 Rd7 {Black decides to wait but it doesn't help anymore.} 35.
Rc1 Rh8 36. a5 {Probably premature.} (36. Rf1 $142 Rh5 37. Kd2 {bringing the
king to b4 and then playing a4-a5.}) 36... bxa5 37. Ra6 Rh2 38. Kf2 Rhh7 39.
Rcc6 {[%cal Rd3f5]} Rhf7 $6 {Another passive move.} (39... Rh1 {was a better
chance:} 40. Rxa5 (40. Bxf5+ Kxf5 41. Rxd6 Rxd6 42. Rxd6 Rb1 43. Rxd5+ Ke4 44.
Re5+ Kd3 $132 {[%csl Ga5]}) 40... Rd1 41. Bc2 Rd2+ 42. Kg1 Rb7 43. Ra2 $1 Ke7
$1 {, continuing stubborn resistance.}) 40. Ke2 a4 41. Rxa4 Rb7 42. Raa6 Rfd7
43. Kd2 Ke7 44. Rc5 Ke6 45. Kc3 Rb8 (45... Rb6 46. Rxb6 axb6 47. Rc6) 46. Kb4
Rh8 {Too late.} 47. Rc1 (47. Bb1 $5 $18 {[%cal Yb1a2]}) 47... Rh2 48. Rf1 (48.
Kc5 $5 Rc7+ (48... Rxg2 49. Rh1 $18) 49. Rc6 Rxc6+ 50. bxc6 Rxg2 51. Rh1) 48...
Ke7 49. Bxf5 Nxf5 50. Rxf5 Rxg2 51. Rg5 Rxg3 (51... Kf7 $5 52. Rag6 $5 Rb2+ 53.
Ka4 Re7 54. Rg7+ Kf6 55. Rxe7 Kxg5 56. Ka5 Ra2+ 57. Kb4 Kf6 $1 (57... Rg2 58.
Rxa7 Rxg3 59. b6 Rg1 60. Kc5 $18) 58. Rc7 Ke6 59. Rc6+ Kf5 60. Ra6 Rxa6 61.
bxa6 Ke4 62. Kc5 Kf3 63. Kxd5 Kxg3 64. e4 Kf2 65. e5 g3 66. e6 g2 67. e7 g1=Q
68. e8=Q {with a winning queen endgame.}) 52. Rg7+ Ke8 53. Rxd7 Kxd7 {[%mdl
4096]} 54. Rxa7+ Ke6 (54... Kd6 55. Rg7 {[%cal Rg7g6]} Rxe3 56. Rxg4 {[%cal
Rg4g6]} Re6 57. Ka5 $18) 55. b6 Rg1 56. b7 Rb1+ 57. Kc5 Rc1+ 58. Kb6 Rb1+ 59.
Kc7 Rc1+ 60. Kd8 Rb1 61. Ra6+ (61. Kc8 Rc1+ 62. Kb8 {[%cal Rb8a8] was much
simpler.}) 61... Kf5 62. Kc7 g3 63. Rb6 {Under time pressure White fails to
calculate} (63. b8=Q Rxb8 64. Kxb8 g2 (64... Ke4 65. Re6+ Kf3 66. Kc7 g2 67.
Rg6 Kxe3 68. Rxg2 Kxd4 69. Kd6) 65. Ra1 Ke4 66. Kc7 Kxe3 67. Rd1 ({or} 67. Kd6
Kxd4 68. Re1 $1 {(the key move, cutting off Black's king)} Kc4 69. Ke5 $18)
67... Ke2 68. Rg1 $18) 63... Rxb6 64. Kxb6 g2 65. b8=Q g1=Q 66. Qe5+ Kg6 67.
Kc6 {White wins the d5 pawn and the game, although it takes over 30 more moves.
} Qa1 68. Qg3+ Kf5 69. Qf4+ Kg6 70. Kxd5 Qa8+ 71. Kc4 Qa4+ 72. Kc3 Qa1+ 73. Kd2
Qb2+ 74. Ke1 Qg2 75. Qf1 Qc2 76. Qf3 Kg7 77. Kf1 Qc1+ 78. Kg2 Qc2+ 79. Kg3 Qc7+
80. Kh3 Qc3 81. d5 Qd3 82. Kg3 Kg6 83. Qg4+ Kh7 84. Qd7+ Kh8 85. Qe8+ Kg7 86.
Qe7+ Kh8 87. Qe5+ Kh7 88. d6 Qg6+ 89. Kh4 Qb1 90. Qe7+ Kg6 91. Qe6+ Kh7 92. d7
Qe1+ 93. Kg5 Qg3+ 94. Kf6 Qh4+ 95. Kf7 Qh5+ 96. Kf8 Qa5 97. Qe7+ Kg6 98. d8=Q
Qf5+ 99. Kg8 Qd5+ 100. Qxd5 1-0